000 00325nam a2200121Ia 4500
008 190216s9999||||xx |||||||||||||| ||und||
100 _aTrivedi B S&Amp; Singh D K
245 0 _aStructure And Reproduction Of The Gymnosperms
260 _bShashidhar Malaviya Prakshan
_c1969
300 _a191p
650 _aBotany
942 _cBK
999 _c1206
_d1206